[Event "ch-PHI Finals"]
[Site "Mandaluyong PHI"]
[Date "2008.07.01"]
[Round "1"]
[White "Sadorra,J"]
[Black "Laylo,D"]
[Result "0-1"]
[WhiteElo "2470"]
[BlackElo "2504"]

1.d4 Nf6 2.c4 c6 3.Nc3 d5 4.Nf3 a6 5.c5 Bf5 6.Qb3 Ra7 7.Bf4 Nbd7 8.h3 e6
9.e3 Be7 10.Be2 h6 11.Nd2 O-O 12.g4 Bh7 13.h4 e5 14.Bg3 e4 15.g5 hxg5 16.hxg5 Ne8
17.Nxd5 cxd5 18.Qxd5 Bg6 19.O-O-O Bxg5 20.Bg4 b6 21.Rh3 Bh6 22.Nxe4 Nef6
23.Nxf6+ Nxf6 24.Qxd8 Rxd8 25.Bf3 bxc5 26.Bh4 Rd6 27.dxc5 Rxd1+ 28.Bxd1 Ne4
29.b4 Bf5 30.Rh2 a5 31.Bd8 axb4 32.Bc2 Rxa2 33.c6 Ra6 34.c7 Rc6 35.Kb2 Nd6
36.Bxf5 Nxf5 37.Kb3 Kf8 38.Rh1 Ke8 39.Rd1 Ne7 40.Kxb4 Nc8 41.f4 Rd6 42.Rh1 Kd7
43.Rh5 Rd3 44.Kc5 Nd6 45.Re5 f6 46.Rh5 Nb7+ 47.Kc4 Rxe3 48.Bxf6 Kxc7 49.Kd4 Re1
50.Be5+ Kd7 51.f5 Nd8 52.Kd5 Nc6 53.Bc3 Rc1 54.Bb2 Rc2 55.Ba1 Nb4+ 56.Ke4 Rc4+
57.Kf3 Rf4+ 58.Kg3 Rf1 59.Bd4 Nd5 60.Kg2 Rf4 61.Be5 Ne3+ 62.Kg3 Nxf5+ 63.Kh3 Rf1
64.Kg2 Ne3+ 65.Kh2 Ke6 66.Bg3 Nf5  0-1

[Event "Volga Cup IM"]
[Site "Kostroma RUS"]
[Date "2008.07.03"]
[Round "2"]
[White "Korneevets,A"]
[Black "Cherenkov,And"]
[Result "1-0"]
[WhiteElo "2302"]
[BlackElo "2232"]

1.Nf3 d5 2.d4 Nf6 3.c4 c6 4.Nc3 a6 5.e3 b5 6.b3 e6 7.Bd3 Be7 8.O-O O-O 9.Ne5 Nfd7
10.f4 Nxe5 11.fxe5 f5 12.exf6 Rxf6 13.Bb2 Rxf1+ 14.Qxf1 Bf6 15.Qf3 Nd7 16.cxd5 b4
17.Ne2 cxd5 18.e4 Nc5 19.e5 Nxd3 20.exf6 Nxb2 21.f7+ Kf8 22.Rf1 Qg5 23.Nf4 Ra7
24.Qe3 Qd8 25.Ng6+ hxg6 26.Qh3 Qf6 27.Rxf6 gxf6 28.Qh8+ Kxf7 29.Qh7+ Ke8
30.Qxa7 Nd3 31.Qb8 Kd7 32.Qg3 Nc1 33.Qf2  1-0

[Event "World Open"]
[Site "Philadelphia USA"]
[Date "2008.07.03"]
[Round "3"]
[White "Arnold,M"]
[Black "Ramirez,Alej"]
[Result "0-1"]
[WhiteElo "2336"]
[BlackElo "2531"]

1.d4 Nf6 2.c4 c6 3.Nf3 d5 4.Nc3 a6 5.c5 Bf5 6.Bf4 Nbd7 7.h3 h6 8.e3 e6 9.Be2 Be7
10.O-O O-O 11.b4 Qc8 12.Rc1 Bd8 13.Nd2 Re8 14.a4 e5 15.dxe5 Nxe5 16.Nb3 Ng6
17.Bg3 Bc7 18.Bxc7 Qxc7 19.Nd4 Bd7 20.Bd3 Nh4 21.Nf3 Nxf3+ 22.Qxf3 Qe5 23.Rc2 d4
24.exd4 Qxd4 25.Rb1 Rad8 26.Ne2 Qe5 27.Ng3 Be6 28.Bc4 Bxc4 29.Rxc4 Rd2 30.Qf4 Qd5
31.Rcc1 Re5 32.Re1 Rg5 33.Ne4 Nxe4 34.Qxe4 Qxe4 35.Rxe4 Rf5 36.Rf1 Kf8 37.Rfe1 g5
38.Re8+ Kg7 39.R1e2 Rxe2 40.Rxe2 Rf4 41.Rb2 Kf6 42.b5 axb5 43.axb5 Rc4 44.g3 Rxc5
45.bxc6 bxc6 46.Rb7 h5 47.h4 gxh4 48.gxh4 Ke6 49.Rc7 f6 50.Kg2 Kd6 51.Rc8 Kd7
52.Rh8 Rf5 53.f4 c5 54.Kf3 c4 55.Ke3 Rd5 56.Rh7+ Kd6 57.Rf7 f5  0-1

[Event "World Open"]
[Site "Philadelphia USA"]
[Date "2008.07.03"]
[Round "3"]
[White "Sharavdorj,D"]
[Black "Gonzalez,Ren"]
[Result "1/2-1/2"]
[WhiteElo "2436"]
[BlackElo "2507"]

1.Nf3 d5 2.d4 c6 3.c4 Nf6 4.Nc3 a6 5.c5 Bf5 6.Bf4 Nbd7 7.e3 e6 8.Be2 h6 9.Nd2 Be7
10.O-O O-O 11.b4 Qc8 12.Rc1 Bd8 13.a4 Bc7 14.Bxc7 Qxc7 15.f4  1/2-1/2

[Event "Volga Cup IM"]
[Site "Kostroma RUS"]
[Date "2008.07.04"]
[Round "3"]
[White "Derbenev,A"]
[Black "Korneevets,A"]
[Result "1/2-1/2"]
[WhiteElo "2302"]
[BlackElo "2302"]

1.d4 d5 2.c4 c6 3.Nc3 Nf6 4.Nf3 a6 5.cxd5 cxd5 6.Qb3 Nc6 7.Bg5 e6 8.e3 Be7
9.Bd3 Na5 10.Qc2 Bd7 11.Ne5 Rc8 12.O-O b5 13.Qe2 Nc4 14.a4 O-O 15.axb5 axb5
16.Ra7 Nxe5 17.dxe5 Ne4 18.Bxe7 Qxe7 19.Bxe4 dxe4 20.Rd1 Rfd8 21.Qd2 b4 22.Nxe4 Ba4
23.Rxe7 Rxd2 24.Nxd2 Bxd1 25.f4 h6 26.Rd7 Ba4 27.Rd3 Rc1+ 28.Kf2 Rc2 29.b3 Bxb3
30.Rxb3 Rxd2+ 31.Kf3 h5 32.Rxb4 g6 33.Rb1 Kg7 34.Re1 Ra2 35.Re2 Ra3 36.Kg3 Rb3
37.Kh4 Kh6 38.Kg3 Kg7 39.Kf2 Ra3 40.Rb2 Rc3 41.Rb7 Rc2+ 42.Kf3 Rc3 43.h3 Ra3
44.g4 hxg4+ 45.hxg4 Kf8 46.Rc7 Rb3 47.Ra7 Rc3 48.f5 gxf5 49.gxf5 exf5 50.Kf4 Rc6
51.Kg5 Rg6+ 52.Kxf5 Rb6 53.e4 Rh6 54.Rd7 Rh5+ 55.Kf6 Rh6+ 56.Kg5 Rh1 57.e6 fxe6
58.Kf6 Rh6+ 59.Ke5 Rh5+ 60.Kxe6 Rh6+ 61.Kd5 Ke8 62.Ra7 Rh5+ 63.Ke6 Rh6+ 64.Kf5 Rh5+
65.Kf6 Rh6+ 66.Kg5 Rb6 67.Kf5 Rb5+ 68.Ke6 Rb6+ 69.Kd5 Rb5+  1/2-1/2

[Event "World Open"]
[Site "Philadelphia USA"]
[Date "2008.07.04"]
[Round "5"]
[White "Stocek,J"]
[Black "Gonzalez,Ren"]
[Result "1/2-1/2"]
[WhiteElo "2559"]
[BlackElo "2507"]

1.d4 d5 2.c4 c6 3.Nf3 Nf6 4.Nc3 a6 5.a4 Bf5 6.Qb3 Ra7 7.a5 e6 8.c5 Nbd7 9.Bf4 h6
10.h3 Be7 11.e3 O-O 12.Be2 Ne4 13.O-O Ng5 14.Ne5 Nxe5 15.Bxe5 Ne4 16.Qb6 Qa8
17.Na4 Nf6 18.Qb3 Qd8 19.Nb6 Ne8 20.Bd3 Bxd3 21.Qxd3 Nc7 22.Bxc7 Qxc7 23.e4 dxe4
24.Qxe4 Bf6 25.Rad1 Rd8 26.Rd3 g6 27.Rfd1 Kg7 28.b4 h5 29.h4 Qe7 30.g3 Qc7
31.Rf3 Raa8 32.Nxa8 Rxa8 33.Rdd3 Rd8 34.Rf4 Rd7 35.Rdf3 Bxd4 36.Qxd4+ Rxd4
37.Rxd4 e5 38.Rd6 e4 39.Re3 Qe7 40.Re1 Kh6 41.Kf1 f5  1/2-1/2

[Event "Duras IM Dopravni"]
[Site "Brno CZE"]
[Date "2008.07.05"]
[Round "10"]
[White "Murdzia,P"]
[Black "Chladek,Va"]
[Result "1-0"]
[WhiteElo "2471"]
[BlackElo "2161"]

1.d4 Nf6 2.c4 c6 3.Nc3 d5 4.Nf3 a6 5.c5 Bf5 6.Bf4 Nbd7 7.g3 e6 8.Bg2 Be7
9.O-O Ne4 10.Qb3 Ra7 11.Rad1 O-O 12.Ne5 Nef6 13.Nxd7 Nxd7 14.Na4 Qa5 15.Nc3 e5
16.Bd2 exd4 17.Nxd5 Qd8 18.Ba5 Qe8 19.Bb6 Ra8 20.Nc7 Qc8 21.Nxa8 Qxa8 22.Rxd4 Bxc5
23.Bxc5 Nxc5 24.Qb6 Nd7 25.Qc7  1-0

[Event "World Open"]
[Site "Philadelphia USA"]
[Date "2008.07.05"]
[Round "6"]
[White "Moiseenko,A1"]
[Black "Ramirez,Alej"]
[Result "1-0"]
[WhiteElo "2632"]
[BlackElo "2531"]

1.d4 Nf6 2.c4 c6 3.Nc3 d5 4.Nf3 a6 5.a4 e6 6.Bg5 a5 7.e3 Be7 8.Be2 O-O 9.O-O Na6
10.Qb3 Nb4 11.Na2 dxc4 12.Bxc4 Nxa2 13.Qxa2 Nd5 14.Bxe7 Qxe7 15.Bxd5 exd5
16.Qa3 Qb4 17.Qxb4 axb4 18.a5 Bf5 19.Ra4 Bd3 20.Rfa1 Bb5 21.Rxb4 b6 22.Rb3 Rxa5
23.Rxa5 bxa5 24.Ne5 a4 25.Rc3 f6 26.Nd7 Rd8 27.Nc5 Rb8 28.Ra3 Kf7 29.f3 g5
30.Kf2 Kg6 31.Ke1 h5 32.Ra1 g4 33.Kf2 gxf3 34.gxf3 Kf7 35.h4 Ke7 36.b3 axb3
37.Ra7+ Ke8 38.Nxb3 Bd3 39.Nc5 Bb1 40.Kg3 Rb2 41.Rc7 Re2 42.Rxc6 Kf7 43.Rc7+ Kg6
44.Re7 Bf5 45.Na6 Bd3 46.Nc7 Bc4 47.Ne6 Re1 48.Nf8+ Kf5 49.Rh7  1-0

[Event "ch-PHI Finals"]
[Site "Mandaluyong PHI"]
[Date "2008.07.06"]
[Round "8"]
[White "Nadera,B"]
[Black "Laylo,D"]
[Result "1/2-1/2"]
[WhiteElo "2401"]
[BlackElo "2504"]

1.d4 d5 2.Nf3 Nf6 3.c4 c6 4.Nc3 a6 5.c5 Bf5 6.Qb3 Qc8 7.h3 Nbd7 8.Bf4 e6
9.e3 Be7 10.Be2 h6 11.g4 Be4 12.Rg1 Bxf3 13.Bxf3 e5 14.Bg3 Bd8 15.O-O-O Bc7
16.Qc2 e4 17.Be2 Bxg3 18.Rxg3 Qc7 19.h4 g5 20.Rh3 O-O-O 21.Rdh1 Rhg8 22.b4 Nf8
23.a4 Ng6 24.hxg5 hxg5 25.b5 axb5 26.axb5 Qa5 27.Qb2 Kd7 28.Kc2 Ra8 29.Rb1 Qc7
30.Qb3 Rh8 31.Rbh1 Rh4 32.Rxh4 Nxh4 33.Na4 Ke7 34.Nb6 Rd8 35.Kb2 Kf8 36.Qa4 Nd7
37.Qa7 Nb8 38.Na8 Qe7 39.b6 Qd7 40.Nc7 Qc8 41.Qa8 Nd7 42.Qa1 Kg7 43.Kb3 Nf8
44.Qg1 Ne6 45.Nxe6+ fxe6 46.Qh2 Qb8 47.Qxb8 Rxb8 48.Ra1 Kf6 49.Ra7 e5 50.Kc3 exd4+
51.exd4 Ng2 52.Bf1 Nf4 53.Kd2 Ne6 54.Kc3 Kg6 55.Be2 Kh6 56.Bf1 Nf4 57.Kd2 Kg6
58.Kc3 Kf6 59.Kd2 Ke6 60.Kc3  1/2-1/2

[Event "FSGM July"]
[Site "Budapest HUN"]
[Date "2008.07.07"]
[Round "3"]
[White "Toth,E"]
[Black "Duong The Anh"]
[Result "1/2-1/2"]
[WhiteElo "2409"]
[BlackElo "2445"]

1.d4 d5 2.c4 c6 3.Nc3 Nf6 4.Nf3 a6 5.c5 Nbd7 6.Bf4 Nh5 7.Bd2 Nhf6 8.Rc1 g6
9.g3 Bg7 10.Bg2 O-O 11.O-O Re8 12.Bf4 Nh5 13.Bd2 Nhf6 14.h3 e5 15.dxe5 Nxe5
16.Nxe5 Rxe5 17.Na4 Bf5 18.Bf4 Re8 19.Qb3 Nh5 20.Bd6 b5 21.Nb6 Nf6 22.Nxa8 Qxa8
23.g4 Bd7 24.Rfe1 Qc8 25.Rcd1 Ne4 26.Bxe4 dxe4 27.a4 Be6 28.Qa3 Bc4 29.Bf4 Bf8
30.axb5 axb5 31.Bd2 h5 32.Qg3 Bxc5 33.Bc3 g5 34.Bf6 e3 35.Bd4 h4 36.Qf3 exf2+
37.Qxf2 Bxd4 38.Rxd4 Qe6 39.e4 Qe5 40.Qe3 c5 41.Rd2 Be6 42.Qc3 Qxc3 43.bxc3 b4
44.cxb4 cxb4 45.Rc1 Kg7 46.Rc5 Kf6 47.Rb5 b3 48.Rd6 Ke7 49.Rdb6 Rc8 50.Rxg5 Rc1+
51.Kf2 Rc3 52.Kg2 Rc2+ 53.Kf3 Rc3+ 54.Kf4 Rxh3 55.Ra5 Rg3 56.g5 Rg4+ 57.Kf3 Rg3+
58.Kf4 Rg4+ 59.Kf3 Rg3+  1/2-1/2

[Event "Volga Cup IM"]
[Site "Kostroma RUS"]
[Date "2008.07.11"]
[Round "11"]
[White "Petrov,Evgeni"]
[Black "Cherenkov,And"]
[Result "1-0"]
[WhiteElo "2238"]
[BlackElo "2232"]

1.d4 d5 2.c4 c6 3.Nf3 Nf6 4.Nc3 a6 5.e3 Bg4 6.b3 e6 7.Be2 Bd6 8.Ne5 Bxe2
9.Qxe2 dxc4 10.Nxc4 Bc7 11.O-O O-O 12.Rd1 Nd5 13.Bb2 Nd7 14.Rac1 Qh4 15.g3 Qh3
16.Ba3 Rfd8 17.Ne4 N7f6 18.f3 Nxe4 19.fxe4 Nb6 20.e5 Rd7 21.Rf1 Bd8 22.Nd6 Bg5
23.Ne4 Qh6 24.Rce1 Bd8 25.Bd6 f5 26.exf6 Bxf6 27.Qg4 Be7 28.Bxe7 Rxe7 29.Rf6 g6
30.Rxe6 Rf7 31.Ng5 Rf3 32.Qxf3  1-0

[Event "Kings Gambit B"]
[Site "Lipetsk RUS"]
[Date "2008.07.11"]
[Round "3"]
[White "Bazarov,K"]
[Black "Korneevets,A"]
[Result "1/2-1/2"]
[WhiteElo "2234"]
[BlackElo "2302"]

1.d4 d5 2.c4 c6 3.Nf3 Nf6 4.Nc3 a6 5.c5 Nbd7 6.Bf4 g6 7.h3 Bg7 8.e3 O-O 9.Be2 Ne8
10.O-O Nc7 11.b4 Re8 12.Bh2 e5 13.Re1 exd4 14.exd4 a5 15.a3 Ne6 16.Qd2 b6
17.b5 Bb7 18.bxc6 Bxc6 19.cxb6 Qxb6 20.Rab1 Qa7 21.Nb5 Bxb5 22.Bxb5 Rec8
23.Red1 Nf6 24.Qb2 Ne4 25.Rd3 Qb6 26.a4  1/2-1/2

[Event "60th ch-MNE Youth"]
[Site "Cetinje MNE"]
[Date "2008.07.12"]
[Round "6"]
[White "Pecurica,M"]
[Black "Lukovic,V"]
[Result "0-1"]
[WhiteElo "1942"]
[BlackElo "1999"]

1.d4 d5 2.c4 c6 3.Nf3 Nf6 4.Nc3 a6 5.Bg5 Ne4 6.Bf4 Nxc3 7.bxc3 dxc4 8.Bxb8 Rxb8
9.Ne5 Qd5 10.Qc2 b5 11.e4 Qd6 12.g3 f6 13.Nf3 Qc7 14.Bg2 e6 15.O-O Be7 16.Nd2 O-O
17.f4 c5 18.e5 cxd4 19.cxd4 Rd8 20.Nf3 Bb7 21.Rad1 Qb6 22.Qf2 Bxf3 23.Bxf3 Rd7
24.Kg2 Rbd8 25.exf6 Bxf6 26.Bg4 Rxd4 27.Rxd4 Rxd4 28.Qe2 Rd6 29.Re1 Kf7 30.Qe4 Qc6  0-1

[Event "ch-PHI Finals"]
[Site "Mandaluyong PHI"]
[Date "2008.07.12"]
[Round "15"]
[White "Laylo,D"]
[Black "Gomez,Joh"]
[Result "1/2-1/2"]
[WhiteElo "2504"]
[BlackElo "2457"]

1.d4 Nf6 2.Nf3 d5 3.c4 c6 4.Nc3 a6 5.a4 e6 6.Bg5 h6 7.Bxf6 Qxf6 8.e3 g6 9.Qc2 Bg7
10.Rd1 O-O 11.Bd3 a5 12.O-O Na6 13.Na2 Qe7 14.b3 Nb4 15.Nxb4 Qxb4 16.Rb1 Qe7
17.h3 Bd7 18.e4 dxe4 19.Bxe4 Rfd8 20.Rfd1 Be8 21.Qe2 Qc7 22.Qe3 Rab8 23.Bc2 b6
24.Rd2 Rd6 25.Rbd1 Rbd8 26.Rd3 Bd7 27.R1d2 Bc8 28.Ne5 Bb7 29.f4 Ba8 30.Bd1 Bb7
31.Bf3 Qc8 32.Kf2 Qc7 33.g3 h5 34.Kg2  1/2-1/2

[Event "19th Czech Oce Open"]
[Site "Pardubice CZE"]
[Date "2008.07.12"]
[Round "4"]
[White "Sabol,M"]
[Black "Smistik,M"]
[Result "1-0"]
[WhiteElo "2345"]
[BlackElo "2326"]

1.d4 d5 2.c4 c6 3.Nc3 Nf6 4.Nf3 a6 5.g3 b5 6.cxd5 cxd5 7.Bg2 e6 8.O-O Nbd7
9.e4 dxe4 10.Ng5 Bb7 11.Ngxe4 Nxe4 12.Nxe4 Bd5 13.Bf4 Nf6 14.Nxf6+ gxf6 15.Qh5 Bxg2
16.Kxg2 Qxd4 17.Rfe1 Qb6 18.Qf3 Rd8 19.Rac1 e5 20.Rc6 Qa5 21.Re2 Be7 22.Bh6 Rg8
23.Rxf6 Bxf6 24.Qxf6 Kd7 25.Qxf7+ Kc8 26.Rc2+ Kb8 27.Be3 b4 28.Qa7+  1-0

[Event "XXIII Tadeusz Gniota Mem"]
[Site "Police POL"]
[Date "2008.07.13"]
[Round "6"]
[White "Radwan,L"]
[Black "Ciszewski,E"]
[Result "1/2-1/2"]
[WhiteElo "2163"]
[BlackElo "2002"]

1.Nf3 d5 2.d4 Nf6 3.c4 c6 4.Nc3 a6 5.e3 g6 6.Bd3 Bg7 7.O-O O-O 8.cxd5 cxd5
9.b3 Nc6 10.Bb2 Bf5 11.Be2 Ne4 12.Nd2 Nxc3 13.Bxc3 Rc8 14.Rc1 Qd6 15.Nf3 Rfe8
16.Qd2 f6 17.Rfd1 Rcd8 18.b4 Bd7 19.a3 Na7 20.Bb2 Ba4 21.Rf1 Rc8 22.Rc5 b6
23.Rxc8 Rxc8 24.Rc1 Rxc1+ 25.Qxc1 Bb5 26.Bxb5 axb5 27.Nd2 f5 28.f4 Qc6 29.Qxc6 Nxc6
30.Nb1 e6 31.Nc3 Na7  1/2-1/2

[Event "Heart of Finland"]
[Site "Jyvaskyla FIN"]
[Date "2008.07.14"]
[Round "5"]
[White "Valli,F"]
[Black "Karttunen,M"]
[Result "1/2-1/2"]
[WhiteElo "2182"]
[BlackElo "2418"]

1.Nf3 Nf6 2.c4 c6 3.Nc3 d5 4.d4 a6 5.c5 Bf5 6.h3 h6 7.Bf4 Nbd7 8.e3 e6 9.Bd3 Be7
10.O-O Qc8 11.Qc2 b6 12.b4 Bxd3 13.Qxd3 a5 14.a3 O-O 15.Rfc1 Qb7 16.Nd2 axb4
17.axb4 Rxa1 18.Rxa1 Ra8 19.Rxa8+ Qxa8 20.Qc2 Qa1+ 21.Ndb1 bxc5 22.bxc5 Bd8
23.Qa2 Qxa2 24.Nxa2 Ba5 25.Nc1 Kf8 26.f3 Ke8 27.Nd3 Kd8 28.Kf2 g5 29.Be5 Ne8
30.g4 f6 31.Bg3 Kc8 32.e4 Kb7 33.Ke3 Ka6 34.Na3 Bc3 35.Nb1 Ba5 36.Na3 Bc7
37.Bxc7 Nxc7 38.Nb4+ Kb7 39.exd5 Nxd5+ 40.Nxd5 cxd5 41.Nc2 Kc6 42.f4 Kb5
43.fxg5 hxg5 44.Kd3 Nf8 45.Ne1 Ng6 46.Ke3 e5 47.dxe5 Nxe5 48.Kd4 Kc6 49.Nc2 Nf3+
50.Ke3 Ng1 51.Kd4 Ne2+ 52.Ke3 Nf4 53.h4 Kxc5 54.h5 f5 55.h6 fxg4 56.h7 Ng6
57.Kf2 d4 58.Kg3 d3 59.Ne3 Kd4 60.Nd1 Ke5 61.Kxg4 Kf6 62.h8=Q+ Nxh8 63.Nf2 Nf7
64.Nxd3 Kg6  1/2-1/2

[Event "Heart of Finland"]
[Site "Jyvaskyla FIN"]
[Date "2008.07.15"]
[Round "6"]
[White "Anttila,P"]
[Black "Wallin,A"]
[Result "1/2-1/2"]
[WhiteElo "2103"]
[BlackElo "1887"]

1.d4 d5 2.c4 c6 3.Nf3 Nf6 4.Nc3 a6 5.c5 Nbd7 6.Bf4 Nh5 7.e3 g6 8.Bd3 Bg7
9.Bg3 Nxg3 10.hxg3 e5 11.Be2 exd4 12.exd4 O-O 13.Qd2 Re8 14.O-O b6 15.b4 bxc5
16.bxc5 Nxc5 17.dxc5 Bxc3 18.Qxc3 Rxe2 19.Nd4 Re4 20.Nxc6 Qc7 21.Nd4 Bb7
22.c6 Rc8 23.Rac1 Ba8 24.Qc5 Ree8 25.Rfe1 Re4 26.Red1 Re5 27.Rd3 Qe7 28.Qa5 Re8
29.Nf3 Re6 30.Qxd5 Rc8 31.Nd4 Re1+ 32.Rxe1 Qxe1+ 33.Kh2 Qc1 34.Re3 Bxc6 35.Qg5 Bd7
36.Qe7 Qc7 37.Qf6 Qc5 38.Re5 Qf8 39.Qf4 Rc5 40.Re1 Rd5 41.Nf3 Be6 42.Kg1 Qd8
43.Qa4 Ra5 44.Qc6 Qd5 45.Qe8+ Kg7 46.Qe7 h6 47.a3 Qd7 48.Qb4 Rd5 49.Ne5 Qd6
50.Qc3 Qc5 51.Qb2 Qd4 52.Qxd4 Rxd4 53.Re3 Rd1+ 54.Kh2 Ra1  1/2-1/2

[Event "Heart of Finland"]
[Site "Jyvaskyla FIN"]
[Date "2008.07.17"]
[Round "8"]
[White "Anttila,P"]
[Black "Pohjala,H"]
[Result "0-1"]
[WhiteElo "2103"]
[BlackElo "2035"]

1.d4 d5 2.c4 c6 3.Nc3 Nf6 4.Nf3 a6 5.c5 Bf5 6.h3 h6 7.Bf4 Nbd7 8.e3 e6 9.b4 Be7
10.a4 b5 11.axb5 axb5 12.g4 Bg6 13.Nd2 O-O 14.Nb3 Ne4 15.Nxe4 Bxe4 16.f3 Bg6
17.Rh2 Bh4+ 18.Kd2 Re8 19.Bd6 e5 20.Bd3 Bxd3 21.Kxd3 Bg3 22.Rc2 e4+ 23.fxe4 dxe4+
24.Kd2 Rxa1 25.Qxa1 Bxd6 26.cxd6 Nb8 27.Nc5 Qxd6 28.Qf1 Nd7 29.Qf4 Qxf4 30.exf4 Nb6
31.f5 Nd5 32.Na6 e3+ 33.Ke1 Nf4 34.Nc7 Re7  0-1

[Event "Aegean Open"]
[Site "Aghios Kirykos GRE"]
[Date "2008.07.18"]
[Round "7"]
[White "Henrichs,T"]
[Black "Lubczynski,R"]
[Result "1/2-1/2"]
[WhiteElo "2491"]
[BlackElo "2414"]

1.d4 d5 2.c4 c6 3.Nf3 Nf6 4.Nc3 a6 5.a4 e6 6.Bg5 a5 7.e3 Be7 8.Bd3 Na6 9.Rc1 Nb4
10.Bb1 Nd7 11.Bxe7 Qxe7 12.O-O dxc4 13.Ne5 b6 14.Qg4 f5 15.Qh5+ g6 16.Nxg6 Qf7
17.Nf4 Qxh5 18.Nxh5 O-O 19.Rfd1 Nf6 20.Nf4 Bd7 21.g3 Nbd5 22.Nfxd5 exd5 23.f3 b5
24.h3 b4 25.Ne2 Ne8 26.Nf4 Nd6 27.g4 Rae8 28.Kf2 Nc8 29.Bc2 b3 30.Bxf5 Bxf5
31.gxf5 Rxf5 32.Rg1+ Kf7 33.Ne2 Rf6  1/2-1/2

[Event "Inautomarket Open"]
[Site "Minsk BLR"]
[Date "2008.07.18"]
[Round "9"]
[White "Podolchenko,E"]
[Black "Rustemov,A"]
[Result "1-0"]
[WhiteElo "2452"]
[BlackElo "2547"]

1.d4 d5 2.c4 c6 3.Nf3 Nf6 4.Nc3 a6 5.e3 b5 6.c5 g6 7.Qb3 a5 8.Ne5 Bg7 9.Nxb5 cxb5
10.Bxb5+ Kf8 11.O-O h5 12.f3 Be6 13.Bd2 Kg8 14.Rfc1 Kh7 15.c6 Na6 16.Qa4 Nc7
17.Be2 Nfe8 18.Bxa5 Nd6 19.b3 Nf5 20.Kf2 Qd6 21.f4 Ra7 22.b4 g5 23.g3 gxf4
24.gxf4 f6 25.Nf3 Nxe3 26.Kxe3 Bh6 27.Qc2+ Kg7 28.Kf2 Qxf4 29.Qc5 Kf7 30.Rc3 Rha8
31.Bxc7 Qxc7 32.b5 Rxa2 33.Rxa2 Rxa2 34.b6 Qf4 35.b7 Qe4 36.Qb5 Bf4 37.c7 Bxc7
38.Rxc7 Ra3 39.Rxe7+  1-0

[Event "Politiken Cup"]
[Site "Helsingor DEN"]
[Date "2008.07.19"]
[Round "1"]
[White "Fjellengen,B"]
[Black "Overeem,M"]
[Result "1/2-1/2"]
[WhiteElo "1900"]
[BlackElo "2288"]

1.d4 d5 2.c4 c6 3.Nf3 Nf6 4.Nc3 a6 5.a4 e6 6.Bg5 Nbd7 7.e4 dxe4 8.Nxe4 h6
9.Nxf6+ Nxf6 10.Bd2 c5 11.Bc3 Ne4 12.Bd3 Nxc3 13.bxc3 cxd4 14.Nxd4 Bc5 15.Nb3 Bd6
16.O-O O-O 17.Qf3 Qc7 18.g3 Bd7 19.Nd4 f5 20.Rfe1 Rae8 21.Qh5 Qc8 22.Qf3 Rf6
23.Reb1 e5 24.Qd5+ Kh8 25.Rb6 exd4 26.Rxd6 Bc6 27.Qxd4 Rxd6 28.Qxd6 Rf8 29.Qf4 Qd7
30.Bc2 Qf7 31.h4 Qf6 32.Qd4 Qe7 33.Qe3 Qf7 34.Qf4 g5 35.hxg5 Qh5 36.Qe5+ Kg8
37.Qe6+ Rf7 38.Qxh6 Qf3 39.Qg6+ Rg7 40.Qe6+ Rf7 41.Qg6+ Kf8 42.Qd6+ Re7 43.Qh6+ Ke8
44.Qg6+ Kd8 45.Qd6+ Ke8 46.Qg6+ Kd8 47.Qd6+ Ke8  1/2-1/2

[Event "Politiken Cup"]
[Site "Helsingor DEN"]
[Date "2008.07.19"]
[Round "1"]
[White "Jorgensen,A"]
[Black "Iljushin,A"]
[Result "0-1"]
[WhiteElo "1984"]
[BlackElo "2546"]

1.d4 d5 2.c4 c6 3.Nc3 Nf6 4.Nf3 a6 5.e3 b5 6.cxd5 cxd5 7.h3 e6 8.Bd3 Nbd7
9.O-O Bb7 10.b3 Bd6 11.Bb2 O-O 12.Rc1 Qe7 13.Re1 Rac8 14.Qe2 Ne4 15.Bxe4 dxe4
16.Nd2 f5 17.Red1 Nb6 18.Rf1 Bb8 19.f3 exf3 20.Nxf3 h6 21.Qf2 b4 22.Ne2 a5
23.Ne5 Bxe5 24.dxe5 Ba6 25.Rfd1 Bxe2 26.Qxe2 Nd5 27.Qd3 Rxc1 28.Rxc1 Qg5
29.Re1 f4 30.exf4 Nxf4 31.Qe4 Nxh3+ 32.Kh2 Nf2 33.Qc4 Ng4+ 34.Kg1 Qh4 35.Qxe6+ Kh8
36.Rf1 Qh2+  0-1

[Event "Politiken Cup"]
[Site "Helsingor DEN"]
[Date "2008.07.20"]
[Round "2"]
[White "Olsen,P"]
[Black "Jacobsen,Mad"]
[Result "1-0"]
[WhiteElo "2224"]
[BlackElo "1831"]

1.d4 d5 2.c4 c6 3.Nf3 Nf6 4.Nc3 a6 5.Bf4 Bf5 6.Qb3 b5 7.cxd5 cxd5 8.e3 e6
9.Be2 Be7 10.O-O O-O 11.Ne5 Nfd7 12.Rfc1 Nxe5 13.Bxe5 Nd7 14.Bf4 Rc8 15.a3 Nb6
16.Na2 Qd7 17.Nb4 Qb7 18.Nd3 Na4 19.Qa2 f6 20.Bf1 g5 21.Bg3 Bxd3 22.Bxd3 Nb6
23.Re1 f5 24.f3 Bf6 25.Bf2 Bg7 26.Rad1 Nd7 27.Qb3 Kh8 28.Bb1 Rc4 29.Qd3 Rfc8
30.g4 Rf8 31.Bg3 Nb6 32.Bd6 Rf7 33.Bg3 Bh6 34.Be5+ Kg8 35.Kg2 Nd7 36.Bg3 fxg4
37.fxg4 Nf6 38.Qe2 Ne4 39.Bxe4 dxe4 40.Rf1 Rxf1 41.Rxf1 Qc6 42.Rf2 Bg7 43.Kh3 Rc1
44.Qd2 Rc4 45.Qa5 Qc8 46.Qb6 h5 47.Be5 hxg4+ 48.Kxg4 Bxe5 49.dxe5 Qe8 50.Rf6 Rc6
51.Qd4 Rc1 52.Kg3 Rc4 53.Qd1 Rc7 54.Qg4 Rg7 55.Rxe6 Qc8 56.Qf5 g4 57.Rf6 Qc5
58.Qe6+ Kh8 59.Rh6+ Rh7 60.Qf6+  1-0

[Event "Politiken Cup"]
[Site "Helsingor DEN"]
[Date "2008.07.20"]
[Round "3"]
[White "Roiz,M"]
[Black "Olsen,H"]
[Result "1-0"]
[WhiteElo "2680"]
[BlackElo "2368"]

1.Nf3 d5 2.d4 c6 3.c4 Nf6 4.Nc3 a6 5.a4 e6 6.Bg5 a5 7.e3 Be7 8.Be2 Na6 9.O-O b6
10.Qb3 O-O 11.Ne5 Nb4 12.Na2 dxc4 13.Bxc4 Nd7 14.Nxb4 Nxe5 15.dxe5 axb4 16.Rfd1 Bd7
17.Bxe7 Qxe7 18.Rd6 b5 19.Bd3 bxa4 20.Qxb4 Rfb8 21.Qe4 g6 22.Rxa4 Rxa4 23.Qxa4 Be8
24.Qd4 Qc7 25.b4 Qb6 26.Qxb6 Rxb6 27.b5 Kf8 28.h4 Ke7 29.Kh2 h5 30.Kg3 f6
31.Kf4 Rb8 32.bxc6 Rb4+ 33.Rd4  1-0

[Event "XXVI Andorra Open"]
[Site "La Massana AND"]
[Date "2008.07.20"]
[Round "2"]
[White "Nijs,N"]
[Black "Huerga Leache,M"]
[Result "0-1"]
[WhiteElo "2150"]
[BlackElo "2433"]

1.d4 d5 2.c4 c6 3.Nf3 Nf6 4.Nc3 a6 5.a4 e6 6.Bg5 a5 7.e3 Na6 8.Be2 Be7 9.O-O O-O
10.Rc1 Nb4 11.b3 b6 12.Ne5 Nd7 13.Bxe7 Qxe7 14.Nd3 Rd8 15.Qd2 Bb7 16.Rfd1 Nf6
17.Na2 Ne4 18.Qb2 Na6 19.c5 bxc5 20.dxc5 Rdb8 21.f3 Nf6 22.Qc3 Qd8 23.Ne5 Qc7
24.Bxa6 Bxa6 25.b4 axb4 26.Nxb4 Rxb4 27.Qxb4 Qxe5 28.e4 Qc7 29.Rb1 Nd7 30.exd5 cxd5
31.Rbc1 Qc6 32.Rd2 Bc4 33.Rb2 h5 34.Kh1 Rxa4 35.Qd2 Qxc5 36.Qg5 Ra8 37.Qxh5 Qe3
38.Rcb1 Bd3 39.Rb3 Qd2 40.Rg1 Bg6 41.Qg4 d4 42.Qg3 d3 43.Qc7 Nf8 44.Qb7 Ra2
45.Qe7 Bh5  0-1

[Event "31st Taminco Open"]
[Site "Ghent BEL"]
[Date "2008.07.21"]
[Round "5"]
[White "Ward,C"]
[Black "Van Wessel,R"]
[Result "1-0"]
[WhiteElo "2431"]
[BlackElo "2307"]

1.d4 d5 2.c4 c6 3.Nf3 Nf6 4.Nc3 a6 5.c5 Nbd7 6.Bf4 Nh5 7.Bg5 f5 8.e3 g6 9.h3 Bg7
10.g4 fxg4 11.hxg4 Nhf6 12.Bd3 O-O 13.Rh4 Nxc5 14.dxc5 Nxg4 15.Qa4 Rxf3 16.Rxg4 Bxg4
17.Qxg4 Rf7 18.Ke2 Qa5 19.Qe6 Qxc5 20.Rh1 Qd6 21.Qh3 Bxc3 22.bxc3 e5 23.e4 Re8
24.Qe3 Qa3 25.Qd2 Qa4 26.Qc2 Qxc2+ 27.Bxc2 Rd7 28.Bb3 Kg7 29.Rd1 h6 30.Bh4 d4
31.Bg3 Kf6 32.Rd3 b5  1-0

[Event "83rd ch-ARG s/f"]
[Site "Buenos Aires ARG"]
[Date "2008.07.22"]
[Round "2"]
[White "Di Benedetto,G"]
[Black "Tenti,J"]
[Result "1-0"]
[WhiteElo "2300"]
[BlackElo "2145"]

1.d4 d5 2.c4 c6 3.Nf3 Nf6 4.Nc3 a6 5.a4 e6 6.g3 a5 7.Bg2 Be7 8.O-O O-O 9.Nd2 Qb6
10.c5 Qd8 11.e4 dxe4 12.Nc4 Nbd7 13.Qc2 b6 14.Nxe4 bxc5 15.Nxf6+ Nxf6 16.Bxc6 Ra6
17.Bf3 cxd4 18.Rd1 Qc7 19.Rxd4 e5 20.Rd1 Be6 21.b3 e4 22.Bxe4 Nxe4 23.Qxe4 Bf6
24.Bf4 Qc6 25.Qxc6 Rxc6 26.Rac1 g5 27.Bd2 Bg4 28.Re1 Rb8 29.Nxa5 Rd6 30.Be3 Rd3
31.Rb1 Bc3 32.Nc6 Re8 33.Rec1 Rdxe3 34.fxe3 Bd2 35.Re1 Bf5 36.Re2 Bxe3+ 37.Rxe3 Rxe3
38.Rb2 Re1+ 39.Kf2 Rh1 40.Ke3 Bd7 41.Ne5 Be8 42.a5  1-0

[Event "Sun Pawn B"]
[Site "Illichevsk UKR"]
[Date "2008.07.22"]
[Round "3"]
[White "Razin,V"]
[Black "Prociuc,E"]
[Result "1-0"]
[WhiteElo "2288"]
[BlackElo "2109"]

1.d4 d5 2.Nf3 Nf6 3.c4 c6 4.Nc3 a6 5.a4 g6 6.Bf4 Bg7 7.e3 O-O 8.Bd3 c5 9.dxc5 dxc4
10.Bxc4 Qa5 11.O-O Qxc5 12.Ba2 Nc6 13.Rc1 Qb6 14.Qe2 Nb4 15.Bc4 Be6 16.e4 Rac8
17.Bxe6 Qxe6 18.Rfd1 Rfd8 19.h3 h6 20.Nd4 Qb6 21.Be3 Qa5 22.f4 e5 23.Nb3 Rxd1+
24.Rxd1 Qc7 25.Bc5 exf4 26.Bxb4 Qb6+ 27.Rd4 Nh5 28.e5 Ng3 29.Qe1 a5 30.Nd5 Qa6
31.Ne7+ Kh7 32.Nxc8 Ne2+ 33.Kh2 Nxd4 34.Nxd4 axb4 35.Nd6 Qd3 36.Nf3 f6 37.e6 Qxd6
38.e7  1-0

[Event "41st Festival MTO"]
[Site "Biel SUI"]
[Date "2008.07.23"]
[Round "3"]
[White "Ivanisevic,I"]
[Black "Onoprienko,V"]
[Result "1-0"]
[WhiteElo "2664"]
[BlackElo "2309"]

1.d4 d5 2.c4 c6 3.Nf3 Nf6 4.Nc3 a6 5.g3 g6 6.cxd5 cxd5 7.Bg2 Bg7 8.Ne5 O-O
9.Bg5 Nc6 10.O-O Nxe5 11.dxe5 d4 12.exf6 exf6 13.Bd2 dxc3 14.Bxc3 Qe7 15.e3 Be6
16.Qf3 Rab8 17.Rfd1 Rfd8 18.Qf4 b5 19.Ba5 Rxd1+ 20.Rxd1 Rc8 21.b3 h5 22.Bb4 Qc7
23.Qxc7 Rxc7 24.f4 f5 25.Rd8+ Kh7 26.Kf2 Bf6 27.Rd3 h4 28.Ke2 Rc1 29.Bb7 Ra1
30.Rd2 hxg3 31.hxg3 Kg7 32.Bxa6 Bxb3 33.axb3 Rxa6 34.Rd5 Rb6 35.Kd3 Rb7 36.e4 fxe4+
37.Kxe4 Be7 38.Bxe7 Rxe7+ 39.Kf3 Rb7 40.b4 f5 41.g4 fxg4+ 42.Kxg4 Kh6 43.Kf3 Rb8
44.Re5 Rb7 45.Ke4 Kg7 46.f5 gxf5+ 47.Rxf5 Kg6 48.Rc5 Kg7 49.Kd5 Rb6 50.Rc7+ Kf8
51.Kc5 Rh6 52.Kxb5 Ke8 53.Rc6 Rh4 54.Ka5 Kd7 55.b5 Rh8 56.Ka6  1-0